000 00851nam a2200253 a 4500
001 59143
003 BD-RjUL
005 20211209080710.0
008 161221s1972 ja a s 001 0 eng
020 _a0870111574 (Palo Alto)
035 _a(BD-RjUL)59267
040 _aDLC
_cDLC
_dBD-RjUL
082 0 0 _a332.0952
_223
_bADF 1972
100 1 _aAdams, T. F. M.
_q(Thomas Francis Morton)
_9175859
245 1 2 _aA financial history of the new Japan /
_cT. F. M. Adams and Iwao Hoshii.
260 _aTokyo :
_bKodansha International,
_cc1972
300 _a547 p. :
_bill. ;
_c25 cm.
500 _aIncludes index.
650 0 _aFinance
_zJapan
_xHistory.
_9173543
650 0 _aFinancial institutions
_zJapan.
_9175860
651 0 _aJapan
_xEconomic conditions
_y1945-1989.
_9172994
700 1 _aHoshii, Iwao,
_d1905-
_ejoint author.
_9175861
942 _2ddc
_cBK
999 _c59143
_d59143